00288nam a2200109 a 450000500170000000800410001705000180005810000150007624500330009126000440012430000100016820140414132102.0100722s19uu xx 00 eng d aERbEl52 2006 aPage, Nick aThe elves and the shoemaker. aHerts :bMake Believe Ideas ltd,c2006. a31 p.